<?xml version="1.0" encoding="UTF-8"?>
<record
    xmlns:xsi="http://www.w3.org/2001/XMLSchema-instance"
    xsi:schemaLocation="http://www.loc.gov/MARC21/slim http://www.loc.gov/standards/marcxml/schema/MARC21slim.xsd"
    xmlns="http://www.loc.gov/MARC21/slim">

  <leader>01947nam a2200289 i 4500</leader>
  <controlfield tag="001">184074</controlfield>
  <controlfield tag="003">ES-MaACL</controlfield>
  <controlfield tag="005">20251003163820.0</controlfield>
  <controlfield tag="008">150304s1929    fr           |||| | fre d</controlfield>
  <datafield tag="245" ind1="0" ind2="0">
    <subfield code="a">Patrologia orientalis. </subfield>
    <subfield code="n">Tomus vicesimus / </subfield>
    <subfield code="c">[&#xE9;dit&#xE9; par] R. Graffin et F. Nau.</subfield>
  </datafield>
  <datafield tag="260" ind1=" " ind2=" ">
    <subfield code="a">Paris : </subfield>
    <subfield code="b">Firmin-Didot et cie, &#xE9;diteurs, </subfield>
    <subfield code="c">1929.</subfield>
  </datafield>
  <datafield tag="300" ind1=" " ind2=" ">
    <subfield code="a">828 p. ; </subfield>
    <subfield code="c">28 cm.</subfield>
  </datafield>
  <datafield tag="505" ind1="8" ind2=" ">
    <subfield code="a">Contiene: Moufazzal ibn Abil-Faza&#xEF;l : Histoire des Sultans Malouks. III / texte arabe publi&#xE9; et traduit en fran&#xE7;ais par E. Blochet. - 1930 ; Fasc. 1 Les Homiliae Cathedrales de S&#xE9;v&#xE8;re d'Antioche : traduction syriaque de Jacques d'&#xC9;desse (suite) / Hom&#xE9;lies LXXVIII &#xE0; LXXXIII &#xE9;dit&#xE9;es et traduites en fran&#xE7;ais par Maurice Bri&#xE8;re. - 1930 ; Fasc. 2  The old georgian version of the Gospel of Mark : from the Adysh Gospels with the variants of the Opiza and Tbet? Gospels / edited with a latin translation by Robert P. Blake. - 1930 ; Fasc. 3  Livre de la lampe des t&#xE9;n&#xE8;bres et de l'exposition (lumineuse) du service (de l'&#xC9;glise) par Ab&#xFB;'l-Barak&#xE2;t connu sous le nom d'Ibn Kabar / texte arabe &#xE9;dit&#xE9; par Dom Louis Villecourt o.s.b.,... ; avec le concours de Mgr Eug&#xE8;ne Tisserand,... et M. Gaston Wiet,.... - 1930 ; Fasc. 4 Le synaxaire arabe jacobite (r&#xE9;daction copte). VI, Additions et corrections, Tables / par Ren&#xE9; Basset,.... - 1930</subfield>
  </datafield>
  <datafield tag="650" ind1=" " ind2=" ">
    <subfield code="a">Patr&#xED;stica.</subfield>
    <subfield code="9">15895</subfield>
  </datafield>
  <datafield tag="650" ind1="0" ind2="7">
    <subfield code="a">Literatura cristiana primitiva</subfield>
    <subfield code="2">embne</subfield>
    <subfield code="9">14529</subfield>
  </datafield>
  <datafield tag="700" ind1="1" ind2=" ">
    <subfield code="a">Mufaddal ibn Abi al-Fada'il al.</subfield>
    <subfield code="9">156205</subfield>
  </datafield>
  <datafield tag="700" ind1="1" ind2=" ">
    <subfield code="a">Blochet, Edgar, </subfield>
    <subfield code="d">1870-1937</subfield>
    <subfield code="9">156465</subfield>
  </datafield>
  <datafield tag="700" ind1="1" ind2=" ">
    <subfield code="a">Blake, Robert Pierpont, </subfield>
    <subfield code="c">1886-1950</subfield>
    <subfield code="9">156473</subfield>
  </datafield>
  <datafield tag="700" ind1="1" ind2=" ">
    <subfield code="a">Villecourt, Louis.</subfield>
    <subfield code="9">156474</subfield>
  </datafield>
  <datafield tag="700" ind1="1" ind2=" ">
    <subfield code="a">Tisserand, Eug&#xE8;ne.</subfield>
    <subfield code="9">156475</subfield>
  </datafield>
  <datafield tag="700" ind1="1" ind2=" ">
    <subfield code="a">Wiet, Gaston (</subfield>
    <subfield code="d">1887-1971)</subfield>
    <subfield code="9">156476</subfield>
  </datafield>
  <datafield tag="700" ind1="0" ind2=" ">
    <subfield code="a">Basset, Ren&#xE9;.</subfield>
    <subfield code="9">26315</subfield>
  </datafield>
  <datafield tag="700" ind1="1" ind2=" ">
    <subfield code="a">Graffin, Ren&#xE9;, </subfield>
    <subfield code="d">1858-1941</subfield>
    <subfield code="9">156163</subfield>
  </datafield>
  <datafield tag="700" ind1="1" ind2=" ">
    <subfield code="a">Nau, Fran&#xE7;ois.</subfield>
    <subfield code="9">85006</subfield>
  </datafield>
  <datafield tag="852" ind1=" " ind2=" ">
    <subfield code="a">ES-MaACL</subfield>
    <subfield code="j">G-709</subfield>
  </datafield>
  <datafield tag="999" ind1=" " ind2=" ">
    <subfield code="c">184074</subfield>
    <subfield code="d">184074</subfield>
  </datafield>
  <datafield tag="952" ind1=" " ind2=" ">
    <subfield code="0">0</subfield>
    <subfield code="1">0</subfield>
    <subfield code="4">0</subfield>
    <subfield code="7">0</subfield>
    <subfield code="a">ATENEOM</subfield>
    <subfield code="b">ATENEOM</subfield>
    <subfield code="c">DEPO2</subfield>
    <subfield code="d">2015-03-04</subfield>
    <subfield code="e">SC</subfield>
    <subfield code="l">0</subfield>
    <subfield code="o">G-709</subfield>
    <subfield code="p">1193563</subfield>
    <subfield code="r">2023-02-23 00:00:00</subfield>
    <subfield code="w">2023-02-23</subfield>
    <subfield code="y">MONOGRAFIA</subfield>
  </datafield>
</record>
